[Event "Titled Tuesday intern op 4th Aug 10am"]
[Site "Chess.com INT"]
[Date "2020.08.04"]
[Round "3"]
[White "Randazzo, Adrian"]
[Black "Girish, A Koushnik"]
[Result "0-1"]
[WhiteElo "2293"]
[BlackElo "2498"]
[PlyCount "76"]
[EventDate "2020.08.04"]
[EventType "swiss (blitz)"]
[EventRounds "10"]
[EventCountry "USA"]
[SourceTitle "CBM 197 Extra"]
[Source "ChessBase"]
[SourceDate "2020.09.30"]
[SourceVersion "1"]
[SourceVersionDate "2020.09.30"]
[SourceQuality "1"]

1. e4 c6 2. d4 d5 3. f3 dxe4 4. fxe4 e5 5. Nf3 exd4 6. Bc4 Be6 7. Bxe6 fxe6 8. 0-0 Nd7 9. Ng5 Ngf6 10. Nxe6 Qb6 11. Nd2 c5 12. Nxf8 Rxf8 13. Nc4 Qe6 14. b3 0-0-0 15. Bf4 Nb6 16. Nxb6+ axb6 17. a4 Nxe4 18. a5 Nc3 19. Qd2 Rxf4 20. Rxf4 Ne2+ 21. Kh1 Nxf4 22. Qxf4 bxa5 23. h3 b6 24. Qg3 Rd7 25. Re1 Qd6 26. Qf3 Qd5 27. Qf8+ Kb7 28. Re8 Ka7 29. Re7 g6 30. Re8 Rf7 31. Qh8 Ka6 32. Ra8+ Kb5 33. Qe8+ Qd7 34. Qe2+ d3 35. cxd3 Re7 36. Qc2 Qd4 37. Rf8 Re1+ 38. Kh2 Qe5+ 0-1

[Event "Titled Tuesday intern op 4th Aug 10am"]
[Site "Chess.com INT"]
[Date "2020.08.04"]
[Round "7"]
[White "Randazzo, Adrian"]
[Black "Idrisova, Roza"]
[Result "1/2-1/2"]
[WhiteElo "2293"]
[BlackElo "1960"]
[PlyCount "126"]
[EventDate "2020.08.04"]
[EventType "swiss (blitz)"]
[EventRounds "10"]
[EventCountry "USA"]
[SourceTitle "CBM 197 Extra"]
[Source "ChessBase"]
[SourceDate "2020.09.30"]
[SourceVersion "1"]
[SourceVersionDate "2020.09.30"]
[SourceQuality "1"]

1. e4 c6 2. d4 d5 3. f3 e6 4. Nc3 Bb4 5. Qd3 a5 6. Bd2 b6 7. Nge2 Ba6 8. Qe3 Nf6 9. e5 Nfd7 10. f4 c5 11. 0-0-0 Nc6 12. g4 cxd4 13. Nxd4 Bxf1 14. Rhxf1 Nxd4 15. Qxd4 Bc5 16. Qd3 0-0 17. Qg3 Qc7 18. Kb1 a4 19. Rfe1 f5 20. exf6 Rxf6 21. g5 Rf5 22. Rxe6 Nf8 23. Re5 Rxe5 24. fxe5 Rd8 25. Nxa4 Be7 26. Be3 Rc8 27. Qg2 b5 28. Nc3 Qxe5 29. Qxd5+ Qxd5 30. Nxd5 Bd8 31. Rf1 Ne6 32. b3 Nxg5 33. Bb6 Ne6 34. Rf5 h6 35. Bxd8 Rxd8 36. Ne7+ Kh7 37. Rxb5 Rd2 38. h4 Nd4 39. Rc5 Re2 40. Nf5 Nxf5 41. Rxf5 Kg6 42. Rf4 Kh5 43. a4 g5 44. hxg5 hxg5 45. Rf8 g4 46. a5 Re5 47. b4 g3 48. Rg8 Rg5 49. Rh8+ Kg4 50. Rh1 g2 51. Rg1 Kf3 52. c4 Rg4 53. Kb2 Rxc4 54. Kb3 Rg4 55. a6 Kf2 56. Rc1 g1Q 57. Rxg1 Rxg1 58. b5 Ra1 59. Kc4 Ke3 60. Kc5 Kd3 61. Kb6 Kc4 62. a7 Rxa7 63. Kxa7 Kxb5 1/2-1/2

[Event "Titled Tuesday intern op 4th Aug 10am"]
[Site "Chess.com INT"]
[Date "2020.08.04"]
[Round "5"]
[White "Randazzo, Adrian"]
[Black "Popadic, Dragan"]
[Result "0-1"]
[WhiteElo "2293"]
[BlackElo "2171"]
[PlyCount "58"]
[EventDate "2020.08.04"]
[EventType "swiss (blitz)"]
[EventRounds "10"]
[EventCountry "USA"]
[SourceTitle "CBM 197 Extra"]
[Source "ChessBase"]
[SourceDate "2020.09.30"]
[SourceVersion "1"]
[SourceVersionDate "2020.09.30"]
[SourceQuality "1"]

1. e4 c5 2. Nf3 Nc6 3. Bb5 d6 4. 0-0 Bd7 5. d4 cxd4 6. Nxd4 Nf6 7. Re1 g6 8. c4 Bg7 9. Nc3 0-0 10. h3 Rc8 11. Nde2 a6 12. Ba4 Ne5 13. Bxd7 Qxd7 14. b3 b5 15. cxb5 axb5 16. Bb2 b4 17. Nd5 Nxd5 18. Qxd5 Nf3+ 19. gxf3 Bxb2 20. Rab1 Bg7 21. Kg2 Rc5 22. Qd2 Rh5 23. Rh1 Qb7 24. Rbc1 Bh6 25. Qd3 Bxc1 26. Rxc1 Rc8 27. Rd1 Qd7 28. Nf4 Rh4 29. Qd2 e5 0-1

[Event "Titled Tuesday intern op 14th July"]
[Site "Chess.com INT"]
[Date "2020.07.14"]
[Round "1"]
[White "Murthy, Pappu LN"]
[Black "Randazzo, Adrian"]
[Result "0-1"]
[WhiteElo "1940"]
[BlackElo "2293"]
[PlyCount "58"]
[EventDate "2020.07.14"]
[EventType "swiss (blitz)"]
[EventRounds "10"]
[EventCountry "USA"]
[SourceTitle "CBM 197 Extra"]
[Source "ChessBase"]
[SourceDate "2020.09.30"]
[SourceVersion "1"]
[SourceVersionDate "2020.09.30"]
[SourceQuality "1"]

1. d4 d5 2. c4 e6 3. Nc3 a6 4. Nf3 dxc4 5. e3 b5 6. a4 b4 7. Ne4 Bb7 8. Ng3 Nf6 9. Bxc4 c5 10. b3 Nc6 11. 0-0 Be7 12. Bb2 0-0 13. dxc5 Bxc5 14. Qxd8 Rfxd8 15. Bxf6 gxf6 16. Rad1 Na5 17. Rc1 Nxc4 18. Rxc4 Bd6 19. e4 Rac8 20. Rfc1 Rxc4 21. Rxc4 Kf8 22. Kf1 Ke7 23. Ke2 a5 24. Rd4 Ba6+ 25. Ke1 Rc8 26. Kd1 Rc3 27. Nd2 Bf4 28. Ne2 Bxd2 29. Nxc3 Bxc3 0-1

[Event "Titled Tuesday intern op 7th July"]
[Site "Chess.com INT"]
[Date "2020.07.07"]
[Round "8"]
[White "Randazzo, Adrian"]
[Black "Pavlidis, Anastasios"]
[Result "1-0"]
[WhiteElo "2293"]
[BlackElo "2333"]
[PlyCount "55"]
[EventDate "2020.07.07"]
[EventType "swiss (blitz)"]
[EventRounds "10"]
[EventCountry "USA"]
[SourceTitle "CBM 197 Extra"]
[Source "ChessBase"]
[SourceDate "2020.09.30"]
[SourceVersion "1"]
[SourceVersionDate "2020.09.30"]
[SourceQuality "1"]

1. e4 c5 2. Nf3 d6 3. Bb5+ Nc6 4. Bxc6+ bxc6 5. 0-0 e5 6. Re1 g6 7. c3 Bg7 8. d4 cxd4 9. cxd4 exd4 10. Nxd4 Ne7 11. Bg5 Qb6 12. Nb3 Qc7 13. Nc3 0-0 14. Qd2 Be6 15. Nd4 Rad8 16. Bxe7 Qxe7 17. Nxc6 Qc7 18. Nxd8 Rxd8 19. Nd5 Qb7 20. Rab1 Rc8 21. b3 Rc5 22. Rbc1 Bxd5 23. Rxc5 dxc5 24. Qxd5 Qb4 25. Rd1 Bf6 26. e5 Be7 27. e6 f5 28. g3 1-0

[Event "Titled Tuesday intern op 7th July"]
[Site "Chess.com INT"]
[Date "2020.07.07"]
[Round "4"]
[White "Randazzo, Adrian"]
[Black "Saydaliev, Saidakbar"]
[Result "1/2-1/2"]
[WhiteElo "2293"]
[BlackElo "2384"]
[PlyCount "72"]
[EventDate "2020.07.07"]
[EventType "swiss (blitz)"]
[EventRounds "10"]
[EventCountry "USA"]
[SourceTitle "CBM 197 Extra"]
[Source "ChessBase"]
[SourceDate "2020.09.30"]
[SourceVersion "1"]
[SourceVersionDate "2020.09.30"]
[SourceQuality "1"]

1. e4 e5 2. Nf3 Nc6 3. Nc3 Nf6 4. d4 exd4 5. Nxd4 Bb4 6. Nxc6 bxc6 7. Bd3 0-0 8. 0-0 d5 9. exd5 cxd5 10. h3 c6 11. Qf3 Rb8 12. Bf4 Bd6 13. b3 Rb4 14. Bxd6 Qxd6 15. Qe3 Re8 16. Qxa7 Bxh3 17. gxh3 Ng4 18. f4 Rxf4 19. Rxf4 Qxf4 20. hxg4 Qxg4+ 21. Kf1 Qh3+ 22. Kf2 Qh2+ 23. Kf1 Qh3+ 24. Kf2 Qh4+ 25. Kf1 Qf6+ 26. Qf2 Qxc3 27. Re1 Rf8 28. a4 f5 29. Re7 Qf6 30. Qe2 Qh4 31. Re8 Qh1+ 32. Kf2 Qh4+ 33. Kf1 Qh1+ 34. Kf2 Qh4+ 35. Kg2 Qg5+ 36. Kf2 Qh4+ 1/2-1/2

[Event "Titled Tuesday intern op 16th June"]
[Site "Chess.com INT"]
[Date "2020.06.16"]
[Round "4"]
[White "Bok, Benjamin"]
[Black "Randazzo, Adrian"]
[Result "0-1"]
[WhiteElo "2624"]
[BlackElo "2293"]
[PlyCount "56"]
[EventDate "2020.06.16"]
[EventType "swiss (blitz)"]
[EventRounds "10"]
[EventCountry "USA"]
[SourceTitle "EXT 2021"]
[Source "ChessBase"]
[SourceDate "2020.10.23"]
[SourceVersion "1"]
[SourceVersionDate "2020.10.23"]
[SourceQuality "1"]

1. c4 c5 2. Nf3 Nf6 3. Nc3 e6 4. g3 b6 5. Bg2 Bb7 6. 0-0 Be7 7. d4 cxd4 8. Qxd4 d6 9. Rd1 0-0 10. b3 Nbd7 11. Nb5 d5 12. Bf4 Bc5 13. Qd3 Ne4 14. e3 a6 15. Nc3 Ndf6 16. cxd5 Nxc3 17. Qxc3 Nxd5 18. Qb2 Qe7 19. Be5 f6 20. Bd4 Ba3 21. Qe2 e5 22. Bb2 Bxb2 23. Qxb2 Rfd8 24. Rac1 Rac8 25. Rxc8 Rxc8 26. Nxe5 Nxe3 27. Rd7 Qxe5 28. Qxe5 Rc1+ 0-1

[Event "Titled Tuesday intern op 16th June"]
[Site "Chess.com INT"]
[Date "2020.06.16"]
[Round "1"]
[White "Buker, Muhittin"]
[Black "Randazzo, Adrian"]
[Result "0-1"]
[WhiteElo "1996"]
[BlackElo "2293"]
[PlyCount "88"]
[EventDate "2020.06.16"]
[EventType "swiss (blitz)"]
[EventRounds "10"]
[EventCountry "USA"]
[SourceTitle "EXT 2021"]
[Source "ChessBase"]
[SourceDate "2020.10.23"]
[SourceVersion "1"]
[SourceVersionDate "2020.10.23"]
[SourceQuality "1"]

1. d4 Nf6 2. c4 c5 3. d5 b5 4. cxb5 a6 5. bxa6 g6 6. Nc3 Bg7 7. e4 0-0 8. Nf3 Qa5 9. Be2 Nxe4 10. Bd2 Nxd2 11. Qxd2 Bxa6 12. 0-0 Bxe2 13. Qxe2 e6 14. d6 Qa6 15. Qd2 Nc6 16. b3 Qa5 17. Rac1 Nd4 18. Qe3 Nxf3+ 19. Qxf3 Bxc3 20. Rxc3 Ra6 21. a4 Rxd6 22. Rfc1 Rd5 23. h4 Rf5 24. Qe3 d6 25. Rd3 Rd8 26. g4 Rd5 27. Rxd5 exd5 28. Qe7 Qb6 29. h5 Rf8 30. h6 Qd8 31. Qe3 Qf6 32. g5 Qf5 33. a5 f6 34. f4 d4 35. Qe7 Qg4+ 36. Kh1 Qf3+ 37. Kg1 Qe3+ 38. Qxe3 dxe3 39. Kf1 fxg5 40. Ke2 gxf4 41. Rd1 Rd8 42. a6 Kf7 43. a7 Ke6 44. Ra1 Ra8 0-1

[Event "Titled Tuesday intern op 16th June"]
[Site "Chess.com INT"]
[Date "2020.06.16"]
[Round "7"]
[White "Randazzo, Adrian"]
[Black "Chan, Yi Ren Daniel"]
[Result "0-1"]
[WhiteElo "2293"]
[BlackElo "2316"]
[PlyCount "84"]
[EventDate "2020.06.16"]
[EventType "swiss (blitz)"]
[EventRounds "10"]
[EventCountry "USA"]
[SourceTitle "EXT 2021"]
[Source "ChessBase"]
[SourceDate "2020.10.23"]
[SourceVersion "1"]
[SourceVersionDate "2020.10.23"]
[SourceQuality "1"]

1. e4 d6 2. d4 Nf6 3. Nc3 g6 4. Bf4 Bg7 5. e5 Nfd7 6. Nf3 Nc6 7. Bb5 a6 8. Bxc6 bxc6 9. 0-0 0-0 10. Re1 Rb8 11. b3 Nb6 12. Qd2 Nd5 13. Nxd5 cxd5 14. Bh6 Bf5 15. c3 Re8 16. Bxg7 Kxg7 17. Qf4 h6 18. h4 Be4 19. Nd2 dxe5 20. dxe5 Bf5 21. g4 Be6 22. Nf3 c5 23. h5 g5 24. Qa4 Qd7 25. Qxd7 Bxd7 26. Nh2 Be6 27. f3 Red8 28. Red1 d4 29. cxd4 cxd4 30. Rd2 Rb5 31. Rc1 Rxe5 32. Nf1 d3 33. Kf2 f5 34. Ne3 fxg4 35. Nxg4 Bxg4 36. fxg4 Rf8+ 37. Kg2 Re3 38. Rc4 Rf4 39. Rc3 Rxg4+ 40. Kf2 Rgg3 41. Rc7 Ref3+ 42. Ke1 Rg1# 0-1